Devinez le Département Mystère #10 - Statistiques

Statistiques générales
  • Ce quiz a été pris 342 fois
  • Le résultat moyen est 25 sur 40
Statistiques - réponses
Type de Réponse Réponse % Correct
Lettre Trouvée A
100%
Lettre Trouvée E
100%
Lettre Trouvée R
100%
Lettre Trouvée N
99%
Lettre de l'Alphabet O
99%
Lettre Trouvée S
99%
Lettre Trouvée I
98%
Lettre de l'Alphabet L
96%
Lettre Trouvée T
96%
Lettre de l'Alphabet U
96%
Lettre de l'Alphabet H
94%
Lettre de l'Alphabet D
87%
Lettre Trouvée M
83%
Lettre de l'Alphabet C
81%
Lettre de l'Alphabet P
80%
Lettre de l'Alphabet V
80%
Lettre de l'Alphabet G
74%
Lettre de l'Alphabet Y
69%
Lettre de l'Alphabet B
66%
Lettre de l'Alphabet F
54%
Lettre de l'Alphabet Q
51%
Lettre de l'Alphabet J
43%
Lettre de l'Alphabet X
42%
Lettre de l'Alphabet Z
41%
Lettre Bien Placée A
34%
Lettre Bien Placée E
34%
Lettre Bien Placée E
34%
Lettre Bien Placée E
34%
Lettre Bien Placée I
34%
Lettre Bien Placée I
34%
Lettre Bien Placée I
34%
Lettre de l'Alphabet K
34%
Lettre Bien Placée M
34%
Lettre Bien Placée M
34%
Lettre Bien Placée N
34%
Lettre Bien Placée R
34%
Lettre Bien Placée S
34%
Département Mystère Seine-Maritime
34%
Lettre Bien Placée T
34%
Lettre de l'Alphabet W
34%
Aucun quiz correspondant
Distribution des résultats
% des personnes avec chaque résultat
Percentile par nombre de réponses
Votre historique - résultats
Vous n’avez pas pris ce quiz